| 000 | 01255nam a2200277Ia 4500 | ||
|---|---|---|---|
| 003 | OSt | ||
| 005 | 20211020151920.0 | ||
| 008 | 210310s1978 sp ad fr 001 0 spa d | ||
| 020 | _a8437501512 | ||
| 040 |
_aCO-JMCR _cCO-JMCR |
||
| 041 | 1 |
_aspa _heng |
|
| 082 | 0 | 4 |
_a339.3 / _bB821t _223 |
| 100 | 1 |
_aBranson, William H., _917604 _eautor |
|
| 245 | 1 | 0 |
_aTeoría y política macroeconómica / _cWilliam H. Branson, traducción de Jaime Herrera Rojas y Eduardo L. Suárez |
| 250 | _aPrimera edición | ||
| 260 |
_aMadrid : _bFondo de Cultura Económica, _c1978 |
||
| 300 |
_a627 páginas : _bilustraciones y gráficas a blanco y negro ; _c22 cm. |
||
| 490 | 0 | _aSección de obras de economía | |
| 500 | _aTítulo original: Macroeconomic Theory and policy Incluye índice analítico. | ||
| 505 | 0 | _aIntroducción a la macroeconomía -- Determinación del ingreso nacional: El modelo estático de equilibrio -- Funciones de la demanda sectorial y extensiones del modelo básico -- Crecimiento con pleno empleo: Modelos de crecimiento agregados | |
| 546 | _aTraducido del inglés. | ||
| 650 | 1 | 4 |
_aMacroeconómica _917606 |
| 700 | 1 |
_aHerrera Rojas, Jaime, _etraductor _940624 |
|
| 700 | 1 |
_aSuárez, Eduardo L., _etraductor _94465 |
|
| 942 |
_2ddc _cBK |
||
| 999 |
_c8552 _d8552 |
||